Welcome to CU Library Online Public Access Catalogue (OPAC)

Credibility : (Record no. 4615)

MARC details
000 -LEADER
fixed length control field 02486cam a22003734a 4500
001 - CONTROL NUMBER
control field 16702052
003 - CONTROL NUMBER IDENTIFIER
control field OSt
005 - DATE AND TIME OF LATEST TRANSACTION
control field 20250308181152.0
008 - FIXED-LENGTH DATA ELEMENTS--GENERAL INFORMATION
fixed length control field 110322s2011 cau b 001 0 eng
010 ## - LIBRARY OF CONGRESS CONTROL NUMBER
LC control number 2011011132
020 ## - INTERNATIONAL STANDARD BOOK NUMBER
International Standard Book Number 9780470651711 (hardback)
020 ## - INTERNATIONAL STANDARD BOOK NUMBER
International Standard Book Number 0470651717 (hardback)
020 ## - INTERNATIONAL STANDARD BOOK NUMBER
International Standard Book Number 9781118488775 (pbk.)
035 ## - SYSTEM CONTROL NUMBER
System control number (OCoLC)ocn708357957
040 ## - CATALOGING SOURCE
Original cataloging agency DLC
Transcribing agency DLC
Modifying agency YDX
-- YDXCP
-- VP@
-- BWX
-- DLC
042 ## - AUTHENTICATION CODE
Authentication code pcc
050 00 - LIBRARY OF CONGRESS CALL NUMBER
Classification number HD57.7
Item number .K678 2011
082 00 - DEWEY DECIMAL CLASSIFICATION NUMBER
Classification number 658.4/092
Edition information 22
084 ## - OTHER CLASSIFICATION NUMBER
Classification number BUS071000
Number source bisacsh
100 1# - MAIN ENTRY--PERSONAL NAME
Personal name Kouzes, James M.,
Dates associated with a name 1945-
245 10 - TITLE STATEMENT
Title Credibility :
Remainder of title how leaders gain and lose it, why people demand it /
Statement of responsibility, etc. James M. Kouzes, Barry Z. Posner.
260 ## - PUBLICATION, DISTRIBUTION, ETC.
Place of publication, distribution, etc. San Francisco, Calif. :
Name of publisher, distributor, etc. Jossey-Bass,
Date of publication, distribution, etc. c2011.
300 ## - PHYSICAL DESCRIPTION
Extent xxi, 250 p. ;
Dimensions 24 cm.
500 ## - GENERAL NOTE
General note "All new and revised"--Jacket.
504 ## - BIBLIOGRAPHY, ETC. NOTE
Bibliography, etc. note Includes bibliographical references and index.
520 ## - SUMMARY, ETC.
Summary, etc. "The first true revision of the classic book from the bestselling author of The Leadership Challenge As the world falls deeper into economic downturns and warfare, the question of credibility (how leaders gain and lose it) is more important than ever. Building on their research from The Leadership Challenge, James Kouzes and Barry Posner explore in Credibility why leadership is above all a relationship, with credibility as the cornerstone, and why leaders must "Say what you mean and mean what you say." This first full revision of the book since its initial publication in 1993 features new case studies from around the world, fully updated data and research, and a streamlined format. Written by the premier leadership experts working today, Credibility: Reveals the six key disciplines that strengthen a leader's capacity for developing and sustaining credibility. Provides rich examples of real managers in action Includes updates to?the applications?and research This personal, inspiring, and genuine guide helps you understand the fundamental importance of credibility for building personal and organizational success"--Provided by publisher.
650 #0 - SUBJECT ADDED ENTRY--TOPICAL TERM
Topical term or geographic name entry element Leadership.
650 #0 - SUBJECT ADDED ENTRY--TOPICAL TERM
Topical term or geographic name entry element Executive ability.
650 #0 - SUBJECT ADDED ENTRY--TOPICAL TERM
Topical term or geographic name entry element Interpersonal relations.
700 1# - ADDED ENTRY--PERSONAL NAME
Personal name Posner, Barry Z.
906 ## - LOCAL DATA ELEMENT F, LDF (RLIN)
a 7
b cbc
c orignew
d 1
e ecip
f 20
g y-gencatlg
942 ## - ADDED ENTRY ELEMENTS (KOHA)
Source of classification or shelving scheme Library of Congress Classification
Koha item type Books
Edition 2nd
Suppress in OPAC No
Holdings
Withdrawn status Lost status Source of classification or shelving scheme Damaged status Not for loan Collection Home library Current library Shelving location Date acquired Total checkouts Full call number Barcode Date last seen Copy number Price effective from Koha item type
    Library of Congress Classification     Non-fiction Undergraduate Library (Christ Temple) Undergraduate Library (Christ Temple) General stacks 03/08/2025   HD57.7 K678 KOU ulct00001586 03/08/2025 1 03/08/2025 Books
    Library of Congress Classification     Non-fiction Undergraduate Library (Christ Temple) Undergraduate Library (Christ Temple) General stacks 03/12/2025   HD59 SAR ulct00001655 03/12/2025 1 03/12/2025 Books
© 2023-2024 Copyright: Central University Libraries. All Rights Reserved | Created by: Mahone Tech Office